The Supreme Court in American history ; ten great decisions; the people, the times and the issues /

Bibliographic Details
Main Author: Fribourg, Marjorie G.
Format: Book
Language:English
Published: Philadelphia : Macrae Smith Co., [1965]
Subjects:

MARC

Tag First Indicator Second Indicator Subfields
LEADER 00000cam a22000001 4500
001 in00000215521
005 20151009064155.0
008 720420s1965 paua b 00010 eng
010 |a  65016327  
035 |a (OCoLC)00418693 
035 |9 AAY1631AM 
040 |a DLC  |c DLC  |d TXA  |d UtOrBLW 
043 |a n-us--- 
049 |a TXAM  |c [461024] 
050 0 0 |a KF8742  |b .Z9F7 
082 0 |a 347.9973 
100 1 |a Fribourg, Marjorie G. 
245 1 4 |a The Supreme Court in American history ;  |b ten great decisions; the people, the times and the issues /  |c [by] Marjorie G. Fribourg. 
264 1 |a Philadelphia :  |b Macrae Smith Co.,  |c [1965] 
300 |a 193 pages :  |b illustrations ;  |c 24 cm. 
336 |a text  |b txt  |2 rdacontent 
337 |a unmediated  |b n  |2 rdamedia 
338 |a volume  |b nc  |2 rdacarrier 
504 |a Includes bibliographical references. 
610 1 0 |a United States.  |b Supreme Court. 
999 |a MARS 
999 f f |s d20633e5-4b95-30dd-bb2d-f4b128613e65  |i a8b4530a-d647-3829-9b7c-08372ff0b49b  |t 0 
952 f f |p ric  |a Texas A&M University  |b Rellis Campus  |c Joint Library Facility  |d Remote Storage  |t 0  |e KF8742 .Z9F7  |h Library of Congress classification  |i unmediated -- volume  |m A14803195916 
998 f f |a KF8742 .Z9F7  |t 0  |l Remote Storage